| 000 | 00560nam a2200217Ia 4500 | ||
|---|---|---|---|
| 008 | 170918s9999 xx 000 0 und d | ||
| 020 | _a9780439806923 | ||
| 050 | _bK692 2004 | ||
| 100 | _aKnife & Packer | ||
| 245 | _aCaptain Fact dinosaur adventure : | ||
| 245 | _bsaving the world one fact at a time / | ||
| 245 | _cby Knife & Packer. | ||
| 260 | _aNew York : | ||
| 260 | _bScholastic, | ||
| 260 | _c2004 | ||
| 300 | _a102 pages : | ||
| 300 | _billustrations ; | ||
| 300 | _c19cm. | ||
| 440 | _vBeware of the fact attackt!!! | ||
| 500 | _a750 | ||
| 999 |
_c344317 _d344317 |
||